World Capitals Closest to each Asian Capital - Statistics

General Stats
  • This quiz has been taken 199 times
  • The average score is 36 of 49
Answer Stats
Capital Nearest Capital % Correct
Amman Jerusalem
95%
Abu Dhabi Doha
93%
Beirut Damascus
89%
Damascus Beirut
87%
Beijing Pyongyang
86%
Jerusalem Amman
85%
Pyongyang Seoul
85%
Jakarta Singapore
83%
Kabul Islamabad
82%
Islamabad Kabul
82%
Kuala Lumpur Singapore
81%
Hanoi Vientiane
81%
Ankara Nicosia
80%
Baku Tbilisi
79%
Seoul Pyongyang
78%
Muscat Abu Dhabi
77%
Doha Manama
77%
Manama Doha
76%
Singapore Kuala Lumpur
76%
Colombo Malé
76%
Manila Taipei
76%
Kathmandu Thimphu
76%
New Delhi Islamabad
74%
Bangkok Vientiane
74%
Phnom Penh Bangkok
73%
Astana Bishkek
72%
Bandar Seri Begawan Manila
72%
Bishkek Tashkent
72%
Malé Colombo
71%
Taipei Manila
71%
Dhaka Thimphu
71%
Nicosia Beirut
69%
Kuwait City Manama
69%
Tokyo Seoul
69%
Tbilisi Yerevan
69%
Ulaanbaatar Beijing
65%
Baghdad Kuwait City
65%
Ashgabat Tehran
65%
Riyadh Manama
64%
Dushanbe Tashkent
63%
Yerevan Tbilisi
62%
Dili Bandar Seri Begawan
61%
Sana'a Djibouti
60%
Ramallah Jerusalem
60%
Vientiane Hanoi
58%
Tashkent Dushanbe
55%
Naypyidaw Vientiane
55%
Thimphu Dhaka
51%
Tehran Baku
47%
No matching quizzes found
Score Distribution
Percent of People with Each Score
Percentile by Number Answered
Your Score History
You have not taken this quiz